| 000 | 00726nam a22002297a 4500 | ||
|---|---|---|---|
| 999 |
_c708 _d708 |
||
| 003 | AR-CdUCM | ||
| 008 | 190225b ||||| |||| 00| 0 spa d | ||
| 020 | _a8472324672 | ||
| 040 |
_aMUNICIPALIDAD PROVINCIAL DEL CUSCO _cBIBLIOTECA MUNICIPAL DEL CUSCO |
||
| 082 |
_a928 / _bR74 |
||
| 100 |
_aRodríguez Lafuente, Fernando _92732 |
||
| 245 | _aJorge Amado / | ||
| 260 |
_aMadrid : _bCultura hispánica, _c1989. |
||
| 300 |
_a104 paginas ; _c24 cm. |
||
| 505 | _aTranscripciones de las cesiones -- entrevistas -- cronología ... | ||
| 650 |
_aLiteratura Brasileña _92733 |
||
| 650 |
_aComunidad _940 |
||
| 650 |
_aHispánica _92734 |
||
| 650 |
_aCultura tradicional _92735 |
||
| 942 |
_2ddc _cLIBROS |
||
| 945 |
_aacv _d2019-02-25 |
||